مكتبة جامعة عجلون الوطنية

فهرس بحث المكتبة

معجم الإدارة : موسوعة إدارية شاملة لمصطلحات الإدارة العامة وإدارة الأعمال  (Record no. 14144)

MARC details
000 -LEADER
fixed length control field 01035nam a2200229Ii 4500
003 - CONTROL NUMBER IDENTIFIER
control field JO-AjNU
008 - FIXED-LENGTH DATA ELEMENTS--GENERAL INFORMATION
fixed length control field 230605s9999||||xx |||||||||||||| ||und||
017 ## - COPYRIGHT OR LEGAL DEPOSIT NUMBER
Copyright or legal deposit number 2010/1/36
020 ## - INTERNATIONAL STANDARD BOOK NUMBER
International Standard Book Number 978-9957-479-39-8
040 ## - CATALOGING SOURCE
Original cataloging agency JO-AjNU
Language of cataloging ara
Description conventions rda
Transcribing agency JO-AjNU
041 ## - LANGUAGE CODE
Language code of text/sound track or separate title ara
050 14 - LIBRARY OF CONGRESS CALL NUMBER
Classification number HD30.15.K532.2011
100 3# - MAIN ENTRY--PERSONAL NAME
Personal name تأليف الخالدي، إبراهيم بدر شهاب,
Relator term author
9 (RLIN) 27543
245 00 - TITLE STATEMENT
Title معجم الإدارة : موسوعة إدارية شاملة لمصطلحات الإدارة العامة وإدارة الأعمال 
250 ## - EDITION STATEMENT
Edition statement ط1
264 31 - PRODUCTION, PUBLICATION, DISTRIBUTION, MANUFACTURE, AND COPYRIGHT NOTICE
Place of production, publication, distribution, manufacture عمان: دار أسامة للنشر والتوزيع،2011
300 ## - PHYSICAL DESCRIPTION
Extent 640ص
Other physical details يشتمل على مراجع ببلوغرافية باللغة العربية واللغة الانجليزية ص(581-590)
336 ## - CONTENT TYPE
Content type term text
Content type code txt
Source rdacontent
337 ## - MEDIA TYPE
Media type term unmediated
Media type code n
Source rdamedia
338 ## - CARRIER TYPE
Carrier type term volume
Carrier type code nc
Source rdacarrier
650 #4 - SUBJECT ADDED ENTRY--TOPICAL TERM
Topical term or geographic name entry element إدارة الأعمال -- معجم مصطلحات -- الإدارة العامة -- معجم مصطلحات
9 (RLIN) 27544
Holdings
Withdrawn status Lost status Source of classification or shelving scheme Damaged status Not for loan Home library Current library Shelving location Date acquired Total Checkouts Full call number Barcode Date last seen Price effective from Koha item type
    Library of Congress Classification     مكتبة جامعة عجلون الوطنية مكتبة جامعة عجلون الوطنية المراجع 06/06/2023   HD30.15.K532.2011 A10576 06/06/2023 06/06/2023 Reference